Pattmmas Goat (Record no. 119851)

MARC details
000 -LEADER
fixed length control field 00476nam a2200169Ia 4500
003 - CONTROL NUMBER IDENTIFIER
control field OSt
005 - DATE AND TIME OF LATEST TRANSACTION
control field 20220422092330.0
008 - FIXED-LENGTH DATA ELEMENTS--GENERAL INFORMATION
fixed length control field 211119s9999||||xx |||||||||||||| ||und||
040 ## - CATALOGING SOURCE
Transcribing agency sbcl
082 ## - DEWEY DECIMAL CLASSIFICATION NUMBER
Classification number 823
Item number BAS-P
100 ## - MAIN ENTRY--PERSONAL NAME
Personal name Basheer, Vaikom Muhammad
245 #0 - TITLE STATEMENT
Title Pattmmas Goat
260 ## - PUBLICATION, DISTRIBUTION, ETC.
Name of publisher, distributor, etc. Mathrubhoomi
Place of publication, distribution, etc. Kozhikodu
Date of publication, distribution, etc. 2015
300 ## - PHYSICAL DESCRIPTION
Extent 103p
650 ## - SUBJECT ADDED ENTRY--TOPICAL TERM
Topical term or geographic name entry element Literature & rhetoric
942 ## - ADDED ENTRY ELEMENTS (KOHA)
Koha item type BOOK
650 ## - SUBJECT ADDED ENTRY--TOPICAL TERM
Form subdivision English & Old English literatures English fictionMalayalam
General subdivision General Stack
Holdings
Withdrawn status Lost status Damaged status Not for loan Home library Current library Date acquired Cost, normal purchase price Total Checkouts Full call number Barcode Shelving location Date last seen Date last checked out Price effective from Koha item type
        SB LIBRARY SB LIBRARY 19/11/2021 110.00 2 823 BAS-P 00133339 GENERAL STACK 09/08/2024 02/08/2024 19/11/2021 BOOK

Powered by Koha